000
00259nam a2200097Ia 4500
001
1141375
005
20250827010118.0
008
250824s9999 xx 000 0 und d
245
0
_a
ÇİZMELİ GICIR
_c
SEVGİ SAYGI
260
_b
GÜNIŞIĞI KİTAPLIĞI YAYINLARI
999
_c
1141375
_d
1141375